प्रतिशोध (Record no. 834931)

MARC details
000 -LEADER
fixed length control field 00499nam a2200169Ia 4500
008 - FIXED-LENGTH DATA ELEMENTS--GENERAL INFORMATION
fixed length control field 110201s9999 xx 000 0 und d
082 ## - DEWEY DECIMAL CLASSIFICATION NUMBER
Item number B9495
Classification number K 2643
100 ## - MAIN ENTRY--PERSONAL NAME
Personal name वर्दे दिपा
245 ## - TITLE STATEMENT
Title प्रतिशोध
260 ## - PUBLICATION, DISTRIBUTION, ETC. (IMPRINT)
Name of publisher, distributor, etc निब पब्लिकेशन्स
365 ## - TRADE PRICE
Price amount 210
600 ## - SUBJECT ADDED ENTRY--PERSONAL NAME
Personal name वर्दे दिपा
630 ## - SUBJECT ADDED ENTRY--UNIFORM TITLE
Uniform title प्रतिशोध
700 ## - ADDED ENTRY--PERSONAL NAME
Personal name वर्दे दिपा
730 ## - ADDED ENTRY--UNIFORM TITLE
Uniform title प्रतिशोध
942 ## - ADDED ENTRY ELEMENTS (KOHA)
Koha item type Book
Holdings
Withdrawn status Lost status Damaged status Not for loan Home library Current library Date acquired Cost, normal purchase price Total Checkouts Barcode Date last seen Cost, replacement price Price effective from Koha item type
        Prof.Manikrao Kirtane Vachanalaya, Vashi, Navi Mumbai Prof.Manikrao Kirtane Vachanalaya, Vashi, Navi Mumbai 02/01/2011 210.00   PMKV-B9495 02/01/2011 210.00 02/01/2011 Book